000 nam a22 7a 4500
999 _c8235
_d8235
008 171212b xxu||||| |||| 00| 0 eng d
100 _94659
_aSHAKESPEAR.W
245 _aANTONY AND CLEOPATRA
260 _aNEW DELHI
_bHAR ANAND
_c2017